| 000 | 00707cam a22002531 4500 | ||
|---|---|---|---|
| 001 | 76982 | ||
| 003 | BD-RjUL | ||
| 005 | 20211209082918.0 | ||
| 008 | 200217s1953 enk 000 0 eng | ||
| 035 | _a(BD-RjUL)77206 | ||
| 040 |
_aDLC _cCaSRU _dDLC _beng |
||
| 041 | _aeng | ||
| 042 | _apremarc | ||
| 082 |
_223 _a808 _bBET 1953 |
||
| 100 | 1 |
_aBetterton, Kahleen _d1912- _9239205 |
|
| 245 | 1 | 0 |
_aTeach yourself to write / _cKathleen Betterton |
| 260 |
_aLondon: _bEnglish Universities Press , _c[1953 |
||
| 300 |
_aviii, 208 p. ; _c18 cm. |
||
| 650 | 0 |
_aAuthorship _9239206 |
|
| 906 |
_a7 _bcbc _coclcrpl _du _encip _f19 _gy-gencatlg |
||
| 942 |
_2ddc _cBK |
||
| 999 |
_c76982 _d76982 |
||